LIBRARY & INFORMATION CENTRE, KCAET, TAVANUR

ONLINE PUBLIC ACCESS CATALOGUE (OPAC)

Mechanical engineer`s Handbook / (Record no. 3125)

MARC details
000 -LEADER
fixed length control field 00409cam a2200157ua 4500
041 ## - LANGUAGE CODE
Language code of text/sound track or separate title eng
082 ## - DEWEY DECIMAL CLASSIFICATION NUMBER
Classification number 028.71621
Item number KEN/ME
100 ## - MAIN ENTRY--AUTHOR NAME
Personal name Kenneth Salisbury, J .
245 00 - TITLE STATEMENT
Title Mechanical engineer`s Handbook /
250 ## - EDITION STATEMENT
Edition statement 1 /
260 ## - PUBLICATION, DISTRIBUTION, ETC. (IMPRINT)
Place of publication New York :
Name of publisher John Wiley & Sons ,
Year of publication 1950.
300 ## - PHYSICAL DESCRIPTION
Number of Pages 1340 ; .
942 ## - ADDED ENTRY ELEMENTS (KOHA)
Koha item type Books
Holdings
Withdrawn status Lost status Damaged status Home library Current library Date acquired Full call number Accession Number Koha item type
      KAUAET KAUAET 27/03/1987 028.71621 16197 Reference
free website counter